[Event "Abu Dhabi op 23rd"]
[Site "Abu Dhabi"]
[Date "2015.08.23"]
[Round "1"]
[White "Oganisjan, Roman"]
[Black "Akopian, Vladimir Eduardovic"]
[Result "0-1"]
[WhiteElo "2328"]
[BlackElo "2647"]
[PlyCount "52"]
[EventDate "2015.08.23"]
[EventType "swiss"]
[EventRounds "9"]
[EventCountry "UAE"]
[SourceTitle "EXT 2016"]
[Source "ChessBase"]
[SourceDate "2015.10.08"]
[SourceVersion "1"]
[SourceVersionDate "2015.10.08"]
[SourceQuality "1"]

1. d4 Nf6 2. c4 e6 3. Nc3 Bb4 4. Nf3 b6 5. g4 Bb7 6. g5 Ne4 7. Qd3 d5 8. cxd5 exd5 9. h4 c5 10. Bd2 0-0 11. a3 Bxc3 12. Bxc3 Re8 13. b4 Ba6 14. Qc2 Nc6 15. Bb2 Rc8 16. Qa4 Bc4 17. dxc5 bxc5 18. e3 Bxf1 19. Kxf1 d4 20. exd4 Qd5 21. Qd1 cxd4 22. Rh2 d3 23. Nd2 Nxd2+ 24. Qxd2 Ne5 25. Qf4 d2 26. Rd1 Nf3 0-1

[Event "Moscow op-A"]
[Site "Moscow"]
[Date "2015.02.08"]
[Round "9"]
[White "Mokshanov, Alexey"]
[Black "Oganisjan, Roman"]
[Result "1-0"]
[WhiteElo "2460"]
[BlackElo "2304"]
[PlyCount "57"]
[EventDate "2015.01.31"]
[EventType "swiss"]
[EventRounds "9"]
[EventCountry "RUS"]
[SourceTitle "CBM 164 Extra"]
[Source "ChessBase"]
[SourceDate "2015.03.02"]
[SourceVersion "1"]
[SourceVersionDate "2015.03.02"]
[SourceQuality "1"]

1. e4 c5 2. Nf3 a6 3. c3 g6 4. d4 cxd4 5. cxd4 Bg7 6. Nc3 d6 7. h3 Nf6 8. Bd3 0-0 9. 0-0 Nc6 10. Bg5 h6 11. Be3 d5 12. e5 Ne8 13. Qd2 Kh7 14. h4 Bf5 15. Bxf5 gxf5 16. Qd3 e6 17. g4 f6 18. Bf4 fxe5 19. dxe5 d4 20. Ne2 Nb4 21. Qb3 fxg4 22. Nfxd4 Rxf4 23. Nxe6 Rf3 24. Qxb4 Qd3 25. Qxb7 Qxe2 26. Nxg7 Nxg7 27. Rae1 Qd2 28. Qxa8 Qxb2 29. Qe4+ 1-0

[Event "Moscow op-A"]
[Site "Moscow"]
[Date "2015.02.05"]
[Round "6"]
[White "Oganisjan, Roman"]
[Black "Naumkin, Igor"]
[Result "0-1"]
[WhiteElo "2304"]
[BlackElo "2408"]
[PlyCount "56"]
[EventDate "2015.01.31"]
[EventType "swiss"]
[EventRounds "9"]
[EventCountry "RUS"]
[SourceTitle "CBM 164 Extra"]
[Source "ChessBase"]
[SourceDate "2015.03.02"]
[SourceVersion "1"]
[SourceVersionDate "2015.03.02"]
[SourceQuality "1"]

1. e4 e6 2. d4 d5 3. Nc3 Nf6 4. e5 Nfd7 5. f4 c5 6. Nf3 Nc6 7. Be3 a6 8. Qd2 Be7 9. g4 0-0 10. g5 b5 11. Ne2 b4 12. Ng3 cxd4 13. Nxd4 Nxd4 14. Bxd4 a5 15. h4 Ba6 16. f5 Qc7 17. f6 Nxe5 18. 0-0-0 Bc5 19. fxg7 Rfc8 20. Bxc5 Qxc5 21. Nh5 a4 22. g6 hxg6 23. Bxa6 Rxa6 24. Rh2 gxh5 25. Qh6 Ng6 26. Rg2 a3 27. Rd3 axb2+ 28. Kxb2 Qc4 0-1

[Event "Moscow op-A"]
[Site "Moscow"]
[Date "2015.01.31"]
[Round "1"]
[White "Eliseev, Urii"]
[Black "Oganisjan, Roman"]
[Result "1-0"]
[WhiteElo "2518"]
[BlackElo "2304"]
[PlyCount "63"]
[EventDate "2015.01.31"]
[EventType "swiss"]
[EventRounds "9"]
[EventCountry "RUS"]
[SourceTitle "CBM 164 Extra"]
[Source "ChessBase"]
[SourceDate "2015.03.02"]
[SourceVersion "1"]
[SourceVersionDate "2015.03.02"]
[SourceQuality "1"]

1. e4 c5 2. Nf3 d6 3. d4 cxd4 4. Nxd4 Nf6 5. Nc3 a6 6. Be3 e6 7. f3 Be7 8. Qd2 b5 9. 0-0-0 b4 10. Nce2 d5 11. e5 Nfd7 12. f4 Nc5 13. g4 Qc7 14. Kb1 Nbd7 15. Qxb4 g5 16. Qe1 Rb8 17. Nc3 Qb7 18. b3 Qc7 19. Bg2 Nb6 20. fxg5 Nca4 21. Nxa4 Nxa4 22. Bd2 Qc4 23. c3 Qc7 24. Rf1 Ba3 25. Kc2 Bd7 26. Bc1 Be7 27. Rd3 Nc5 28. Rdf3 Rf8 29. Qh4 Ne4 30. Qxh7 Rc8 31. g6 Nxc3 32. Qxf7+ 1-0